Tizón foliar de la cebada (Hordeum vulgare L.) en los Valles Altos de México / (Record no. 219481)
[ view plain ]
| 000 -CABECERA | |
|---|---|
| campo de control de longitud fija | 02269nam a2200289 a 4500 |
| 003 - IDENTIFICADOR DEL NÚMERO DE CONTROL | |
| campo de control | OSt |
| 005 - FECHA Y HORA DE LA ÚLTIMA TRANSACCIÓN | |
| campo de control | 20260210105019.0 |
| 007 - CAMPO FIJO DE DESCRIPCIÓN FÍSICA--INFORMACIÓN GENERAL | |
| campo de control de longitud fija | cr ||||||a|c|a |
| 008 - DATOS DE LONGITUD FIJA--INFORMACIÓN GENERAL | |
| campo de control de longitud fija | 231130s2019 mx a|||fom||| 001 0 spa d |
| 040 ## - FUENTE DE LA CATALOGACIÓN | |
| Normas de descripción | rda |
| 100 1# - ENTRADA PRINCIPAL--NOMBRE DE PERSONA | |
| 9 (RLIN) | 188388 |
| Nombre de persona | Osorio Pérez, Aldo Jahir |
| 245 10 - MENCIÓN DE TÍTULO | |
| Título | Tizón foliar de la cebada (Hordeum vulgare L.) en los Valles Altos de México / |
| Mención de responsabilidad, etc. | por Aldo Jahir Osorio Pérez : director de tesis Santos Gerardo Leyva Mir. |
| 264 #1 - PRODUCCIÓN, PUBLICACIÓN, DISTRIBUCIÓN, FABRICACIÓN Y COPYRIGHT | |
| Producción, publicación, distribución, fabricación y copyright | Chapingo, México : |
| Nombre del de productor, editor, distribuidor, fabricante | El autor, |
| Fecha de producción, publicación, distribución, fabricación o copyright | 2019. |
| 300 ## - DESCRIPCIÓN FÍSICA | |
| Extensión | 1 recurso en línea (53 páginas): |
| Otras características físicas | cuadros, figuras. |
| 336 ## - TIPO DE CONTENIDO | |
| Fuente | rdacontent |
| Término de tipo de contenido | texto |
| Código de tipo de contenido | txt |
| 337 ## - TIPO DE MEDIO | |
| Fuente | rdamedia |
| Nombre/término del tipo de medio | computadora |
| Código del tipo de medio | c |
| 338 ## - TIPO DE SOPORTE | |
| Fuente | rdacarrier |
| Nombre/término del tipo de soporte | recurso en línea |
| Código del tipo de soporte | cr |
| 502 ## - NOTA DE TESIS | |
| Tipo de título | Ingeniero Agrónomo Especialista en Parasitología Agrícola |
| Nombre de la institución que otorga el título | Departamento de Enseñanza, Investigación y Servicio en Parasitología Agrícola, |
| Año de obtención del título | 2019. |
| Información miscelánea | Licenciatura |
| 504 ## - NOTA DE BIBLIOGRAFÍA, ETC. | |
| Nota de bibliografía, etc. | Incluye referencias bibliográficas: páginas 32-35,52-53. |
| 520 ## - SUMARIO, ETC. | |
| Sumario, etc. | Las enfermedades que atacan Cebada constituyen la principal limitante de la producción en zonas de temporal de nuestro país, dentro de las más importantes se encuentran las que causan marchitamiento y manchas foliares, por lo que, de muestras de Cebada con estos síntomas, provenientes de la zona cebadera de los Valles Altos de México, se aislaron a los principales agentes causales de manchas foliares obteniendo a Bipolaris sorokiniana causando tizones foliares con una incidencia en la zona de aproximadamente el 60 % y a Drechslera teres causando manchas reticulares con una incidencia del 20 % aproximadamente, la identificación se realizó mediante la obtención de cultivos monospóricos a los cuales se les realizó la caracterización morfológica y posteriormente en el invernadero del LANARET, del Campo Experimental del Valle de México (INIFAP), se inocularon 7 variedades comerciales en condiciones controladas del 100% de HR y 19-21 °C, se procedió a realizar los postulados de Kotch, confirmándose la patogenicidad de Bipolaris sorokiniana y Drechslera teres. |
| 650 #4 - PUNTO DE ACCESO ADICIONAL DE MATERIA--TÉRMINO DE MATERIA | |
| 9 (RLIN) | 20675 |
| Término de materia o nombre geográfico como elemento de entrada | Cebada |
| Subdivisión general | Enfermedades por hongos |
| 650 #4 - PUNTO DE ACCESO ADICIONAL DE MATERIA--TÉRMINO DE MATERIA | |
| 9 (RLIN) | 127934 |
| Término de materia o nombre geográfico como elemento de entrada | Bipolaris sorokiniana |
| 650 #4 - PUNTO DE ACCESO ADICIONAL DE MATERIA--TÉRMINO DE MATERIA | |
| 9 (RLIN) | 188389 |
| Término de materia o nombre geográfico como elemento de entrada | Drechslera teres |
| 700 1# - PUNTO DE ACCESO ADICIONAL--NOMBRE DE PERSONA | |
| Nombre de persona | Leyva Mir, Santos Gerardo |
| Término indicativo de función/relación | Director de tesis. |
| 9 (RLIN) | 66581 |
| 856 ## - LOCALIZACIÓN Y ACCESO ELECTRÓNICOS | |
| Identificador Uniforme del Recurso | http://10.13.5.2/tesis/tl/Osorio_Perez_Aldo_Jahir.pdf |
| Nota pública | DESCARGAR PDF |
| 942 ## - ELEMENTOS DE PUNTO DE ACCESO ADICIONAL (KOHA) | |
| Fuente del sistema de clasificación o colocación | Clasificación Universidad Autónoma Chapingo |
| Tipo de ítem Koha | Tesis digital |
| Estado de retiro | Estado de pérdida | Fuente del sistema de clasificación o colocación | Estado dañado | Restricciones de uso | No para préstamo | Código de colección | Localización permanente | Ubicación/localización actual | Ubicación en estantería | Fecha de adquisición | Total de préstamos | Signatura topográfica completa | Fecha visto por última vez | Precio válido a partir de | Tipo de ítem Koha |
|---|---|---|---|---|---|---|---|---|---|---|---|---|---|---|---|
| Clasificación Universidad Autónoma de Chapingo | Préstamo interno | Tesis digitales de Licenciatura | Biblioteca Digital | Biblioteca Digital | En línea | 30/11/2023 | Tesis digital | 30/11/2023 | 30/11/2023 | Tesis digital |
